Labyrintem tajemna, aneb, Průvodce po magických místech Československa /

Hlavní autor: Stejskal, Martin, 1944-
Další autoři: Marenčin, Albert, 1922-2019
Jazyk: Čeština
Vydáno: Praha : Paseka, 1991
Vydání: 1. vyd.
Témata:
Fyzický popis: 463 s. : il., mapy. ; 22 cm
Knihy
Uloženo v:
LEADER 01384nam a2200349 a 4500
001 000032539
003 CZ BrMZK
005 20221005080833.0
007 ta
008 950313s1991 xr ab f 000 0 cze d
015 |a cnb000070476 
020 |a 80-85192-08-X 
040 |a BOA001  |b cze 
080 |a 159.961(437)  |2 MRF 
080 |a 133.4(437)  |2 MRF 
100 1 |a Stejskal, Martin,  |d 1944-  |7 jn99240001125  |4 aut 
245 1 0 |a Labyrintem tajemna, aneb, Průvodce po magických místech Československa /  |c napsal a ilustrace vybral Martin Stejskal ; slov. část zpracoval Albert Marenčin 
246 3 0 |a Průvodce po magických místech Československa 
250 |a 1. vyd. 
260 |a Praha :  |b Paseka,  |c 1991 
300 |a 463 s. :  |b il., mapy. ;  |c 22 cm 
504 |a Obsahuje bibliografii 
653 0 |a magie  |a okultismus  |a parapsychologie  |a Československo 
700 1 |a Marenčin, Albert,  |d 1922-2019  |7 ola2002151943  |4 aut 
910 |a BOA001  |b 2-1012.304  |b PK-0115.522 
920 |a 000093525 
964 |a Magie  |x místopis  |y Československo 
964 |a Okultismus  |x magie  |y Československo 
964 |a Parapsychologie  |x místopis  |y Československo 
990 |a BK 
996 6 |b 2610758179  |c 2-1012.304  |l MZK  |r Sklad / do 1 hodiny  |n 2  |p dar  |w 000032539  |u 000020  |a 1  |e BOA001  |j MZK50  |s P 
996 7 |b 2610758970  |c 2-1012.304  |l MZK  |r Sklad / do 1 hodiny  |n 5  |p dar  |w 000032539  |u 000030  |a 1  |e BOA001  |j MZK50  |s A